The language of objects in the art of the Americas / (Record no. 22614)

000 -LEADER
fixed length control field 02042cam a22004094a 4500
001 - CONTROL NUMBER
control field 14558503
005 - DATE AND TIME OF LATEST TRANSACTION
control field 20170124125605.0
008 - FIXED-LENGTH DATA ELEMENTS--GENERAL INFORMATION
fixed length control field 060919s2007 ctua b 001 0 eng
010 ## - LIBRARY OF CONGRESS CONTROL NUMBER
LC control number 2006031299
015 ## - NATIONAL BIBLIOGRAPHY NUMBER
National bibliography number GBA715989
Source bnb
016 7# - NATIONAL BIBLIOGRAPHIC AGENCY CONTROL NUMBER
Record control number 013683148
Source Uk
020 ## - INTERNATIONAL STANDARD BOOK NUMBER
International Standard Book Number 9780300111064 (cloth : alk. paper)
020 ## - INTERNATIONAL STANDARD BOOK NUMBER
International Standard Book Number 0300111061 (cloth : alk. paper)
035 ## - SYSTEM CONTROL NUMBER
System control number (OCoLC)ocm76137529
035 ## - SYSTEM CONTROL NUMBER
System control number (OCoLC)76137529
040 ## - CATALOGING SOURCE
Original cataloging agency DLC
Transcribing agency DLC
Modifying agency BAKER
-- BTCTA
-- UKM
-- C#P
-- YDXCP
-- IXA
-- DLC
043 ## - GEOGRAPHIC AREA CODE
Geographic area code cl-----
050 00 - LIBRARY OF CONGRESS CALL NUMBER
Classification number N6502
Item number .S86 2007
100 1# - MAIN ENTRY--PERSONAL NAME
Personal name Sullivan, Edward J.
245 14 - TITLE STATEMENT
Title The language of objects in the art of the Americas /
Statement of responsibility, etc. Edward J. Sullivan.
260 ## - PUBLICATION, DISTRIBUTION, ETC. (IMPRINT)
Place of publication, distribution, etc. New Haven :
Name of publisher, distributor, etc. Yale University Press,
Date of publication, distribution, etc. c2007.
300 ## - PHYSICAL DESCRIPTION
Extent xxi, 314 p. :
Other physical details ill. (some col.) ;
Dimensions 29 cm.
504 ## - BIBLIOGRAPHY, ETC. NOTE
Bibliography, etc Includes bibliographical references (p. 271-304) and index.
505 0# - FORMATTED CONTENTS NOTE
Formatted contents note Wondrous objects -- Objects of desire and possession -- Naturalezas vivas -- Naturalezas muertas -- Objects of modernity -- Objects of anxiety -- The object reconfigured.
650 #0 - SUBJECT ADDED ENTRY--TOPICAL TERM
Topical term or geographic name as entry element Art, Latin American.
650 #0 - SUBJECT ADDED ENTRY--TOPICAL TERM
Topical term or geographic name as entry element Art
General subdivision Economic aspects
Geographic subdivision Latin America.
650 #0 - SUBJECT ADDED ENTRY--TOPICAL TERM
Topical term or geographic name as entry element Art and society
Geographic subdivision Latin America.
650 #0 - SUBJECT ADDED ENTRY--TOPICAL TERM
Topical term or geographic name as entry element Hispanic American art
General subdivision Economic aspects.
650 #0 - SUBJECT ADDED ENTRY--TOPICAL TERM
Topical term or geographic name as entry element Hispanic American art
General subdivision Social aspects.
856 41 - ELECTRONIC LOCATION AND ACCESS
Materials specified Table of contents only
Uniform Resource Identifier <a href="http://www.loc.gov/catdir/toc/ecip071/2006031299.html">http://www.loc.gov/catdir/toc/ecip071/2006031299.html</a>
856 42 - ELECTRONIC LOCATION AND ACCESS
Materials specified Contributor biographical information
Uniform Resource Identifier <a href="http://www.loc.gov/catdir/enhancements/fy0812/2006031299-b.html">http://www.loc.gov/catdir/enhancements/fy0812/2006031299-b.html</a>
856 42 - ELECTRONIC LOCATION AND ACCESS
Materials specified Publisher description
Uniform Resource Identifier <a href="http://www.loc.gov/catdir/enhancements/fy0812/2006031299-d.html">http://www.loc.gov/catdir/enhancements/fy0812/2006031299-d.html</a>
942 ## - ADDED ENTRY ELEMENTS (KOHA)
Source of classification or shelving scheme
Koha item type Hard Covered Materials
Classification part N6502 .S86 2007
Holdings
Withdrawn status Lost status Source of classification or shelving scheme Damaged status Not for loan Home library Current library Shelving location Date acquired Source of acquisition Total Checkouts Full call number Barcode Date last seen Price effective from Koha item type
          MACHAKOS UNIVERSITY LIBRARY MACHAKOS UNIVERSITY LIBRARY Open shelf 24/01/2017 Donation(BFA)   N6502 .S86 2007 31843 24/01/2017 24/01/2017 Hard Covered Materials
© Machakos University Library, Along The Highway, Machakos Wote Rd, Machakos, Kenya P.O. Box 136 - 90100 Machakos - Kenya

Tel: ( +254 ) 723 805829 OR Fax : 044-20353 OR Email: library@mksu.ac.ke